Non-official higher education in the European Union

Αποθηκεύτηκε σε:
Λεπτομέρειες βιβλιογραφικής εγγραφής
Συγγραφή απο Οργανισμό/Αρχή: Παντειο Πανεπιστήμιο Κοινωνικών και Πολιτικών Επιστημών Κέντρο Κοινωνικής Μορφολογίας και Κοινωνικής Πολιτικής
Άλλοι συγγραφείς: Κοκοσαλάκης, Νίκος (Επιμελητής έκδοσης)
Μορφή: Βιβλίο
Γλώσσα:English
Δημοσίευση: Athens : Gutenberg, 1999
Σειρά:Library of social science and social policy ; ; 64
Θέματα:
Ετικέτες: Προσθήκη ετικέτας
Δεν υπάρχουν, Καταχωρήστε ετικέτα πρώτοι!

MARC

LEADER 00000cam a2200000 i 4500
001 1/14611
008 001211s1999 eng d
020 |a 960-01-0825-0 
035 |l 10065068 
040 |a GR-MY-UA  |b gre  |e aacr 
041 0 |a eng 
082 0 |a 378.4 
110 2 |a Παντειο Πανεπιστήμιο Κοινωνικών και Πολιτικών Επιστημών  |b Κέντρο Κοινωνικής Μορφολογίας και Κοινωνικής Πολιτικής. 
245 1 0 |a Non-official higher education in the European Union /  |c coordinator D. G. Tsaoussis ; edited by Nikos Kokosalakis ; Panteion University of Social and Political Sciences, Department of Social Policy and Social Anthropology, Centrre for Social Morphology and Social Policy (Kekmokop) 
260 |a Athens :   |b Gutenberg,   |c 1999 
300 |a 397 p. 
490 1 |a Library of social science and social policy  |v ; 64 
504 |a Includes bibliographical references and glossary 
650 0 0 |a Education, Higher  |z European Economic Community countries. 
700 1 |a Κοκοσαλάκης, Νίκος.  |4 edt 
830 0 |a Library of social science and social policy ;  |v ; 64 
852 |a INST  |b LESVOS  |e 20001211  |h 378.4 ΠΑΝ  |p 005100027334  |q 005100027334  |t BK  |y 0 
901 |a BIBL1-2000-3 
909 |a Λ  |b 084011 
970 |a ΚΑΜΑΤΣΟΥ  |b ΔΕΣΠΟΙΝΑ  |z 2000/12/11